| 000 | 00364pab a2200145 454500 | ||
|---|---|---|---|
| 008 | 180718b1987 xxu||||| |||| 00| 0 eng d | ||
| 100 | _aDutta, Amar Nath | ||
| 245 |
_aFiscal policy _bSystems versus method approach |
||
| 260 | _c1987 | ||
| 300 | _a100-2 | ||
| 362 | _aFeb. | ||
| 650 | _aFinance, Public - Policy | ||
| 773 | _aManagement Accountant | ||
| 909 | _a8512 | ||
| 999 |
_c8512 _d8512 |
||